El senior marketing : vender y comunicar en el mercado de personas mayores de 50 años / Jean-Paul Tr‚guer (Registro nro. 13048)
[ vista simple ]
| 000 -LÍDER | |
|---|---|
| fixed length control field | 00622nam a2200157 4500 |
| 008 - ELEMENTOS DE LONGITUD FIJA -- INFORMACIÓN GENERAL | |
| fixed length control field | 0 1997 0ai 000 0MEX |
| 020 ## - NÚMERO INTERNACIONAL NORMALIZADO PARA LIBROS | |
| ISBN | 970-15-0238-8 |
| 050 ## - SIGNATURA TOPOGRAFICA DE LA BIBLIOTECA DEL CONGRESO (LC) | |
| Número de Clasificación | HF5415.35 T718 1997 |
| 082 ## - NUMERO DE CLASIFICACION DECIMAL DEWEY | |
| Número de Clasificación | 658.834 T784s |
| 100 ## - ASIENTO PRINCIPAL--NOMBRE PERSONAL | |
| Nombre personal | Tr‚guer, Jean-Paul |
| 245 ## - TÍTULO | |
| Título | El senior marketing : vender y comunicar en el mercado de personas mayores de 50 años / Jean-Paul Tr‚guer |
| 260 ## - PUBLICACIÓN, DISTRIBUCIÓN, ETC. (PIE DE IMPRENTA) | |
| Lugar de publicación, distribución, etc. | México : Alfaomega |
| 300 ## - DESCRIPCIÓN FÍSICA | |
| Extensión | xviii, 123 p. / 23 cm. |
| 440 ## - | |
| -- | Creación y desarrollo empresarial |
| 650 ## - ASIENTO SECUNDARIO DE MATERIA - TERMINO TEMÁTICO | |
| Término temático o nombre geográfico como elemento de entrada | 1.MOTIVACION (MERCADOTECNIA) - INVESTIGACION \ 2.COMPORTAMIENTO DEL CLIENTE \ 3.MERCADOTECNIA-INVESTIGACION |
| No. biblioteca | No. biblioteca | Número de clasificación | Código de barras/Número de adquisición | Número de copia | Tipo de material |
|---|---|---|---|---|---|
| LUIS G. INCLAN | LUIS G. INCLAN | 658.834 T784s | 39137 | 1 | Libros |
| LUIS G. INCLAN | LUIS G. INCLAN | 658.834 T784s | 39138 | 2 | Libros |
| LUIS G. INCLAN | LUIS G. INCLAN | 658.834 T784s | 39139 | 3 | Libros |
| LUIS G. INCLAN | LUIS G. INCLAN | 658.834 T784s | 41713 | 4 | Libros |
| LUIS G. INCLAN | LUIS G. INCLAN | 658.834 T784s | 41714 | 5 | Libros |
| LUIS G. INCLAN | LUIS G. INCLAN | 658.834 T784s | 41715 | 6 | Libros |
| LUIS G. INCLAN | LUIS G. INCLAN | 658.834 T784s | 41716 | 7 | Libros |
| LUIS G. INCLAN | LUIS G. INCLAN | 658.834 T784s | 46357 | 8 | Libros |
| LUIS G. INCLAN | LUIS G. INCLAN | 658.834 T784s | 46917 | 9 | Libros |
